| 000 | 00396nam a2200145 a 4500 | ||
|---|---|---|---|
| 001 | 16493 | ||
| 005 | 20180713205437.0 | ||
| 008 | 140415s1985 000 0 spa d | ||
| 041 | _aspa | ||
| 082 |
_a377.0711 _bUNI |
||
| 245 | 0 | 0 | _aUNIVERSIDAD CATOLICA HOY EN LATINOAMERICA, LA |
| 260 |
_a[s.l.] : _bFIUC, _c1985 |
||
| 300 | _a565 | ||
| 650 | 1 | 4 |
_aEDUCACION CATOLICA _xUNIVERSIDADES |
| 999 |
_c16493 _d16493 |
||